Computer solution of linear algebraic systems

Gespeichert in:
Bibliographische Detailangaben
1. Verfasser: Forsythe, George E (VerfasserIn)
Weitere Verfasser: Moler, Cleve B. (autor)
Format: Buch
Sprache:Englisch
Veröffentlicht: Englewood Cliffs Prentice-Hall 1967
Schriftenreihe:Prentice-Hall Series in Automatic Computation
Schlagworte:
Tags: Tag hinzufügen
Keine Tags, Fügen Sie den ersten Tag hinzu!

MARC

LEADER 00000nam a2200000 a 4500
001 UCQ9186
003 CL-VaPUC
008 981230e19670000us |||||||||||||||||eng|d
082 0 4 |a 512.5  |b FOR  |2 21 
100 0 |a Forsythe, George E  |e author  |9 423650 
700 |a Moler, Cleve B.  |e autor  |9 578031 
245 1 0 |a Computer solution of linear algebraic systems 
300 |a 148 p 
942 |c BK 
945 |d 19981230 00:00:00  |a crobeson 
260 |a Englewood Cliffs  |b Prentice-Hall  |c 1967 
650 0 |a Álgebra lineal   |9 260445 
650 0 |a Matrices   |9 22 
650 0 |a Programación de computadores   |9 259531 
650 7 |a LENGUAGES DE PROGRAMACION  |2 CL-VaPUC  |9 423652 
583 |a last modification  |c 20150429 04:14:23  |k Rodrigo Vera 
490 0 |a Prentice-Hall Series in Automatic Computation 
999 |c 278276  |d 278274